Mastering autodesk inventor 2014 and autodesk inventor lt 2014 (Record no. 28147)
[ view plain ]
| 000 -LEADER | |
|---|---|
| fixed length control field | 01411nam a2200337 a 4500 |
| 082 04 - DEWEY DECIMAL CLASSIFICATION NUMBER | |
| Classification number | 620.0042028566 |
| 100 1# - MAIN ENTRY--AUTHOR NAME | |
| Personal name | Waguespack, Curtis. |
| 245 10 - TITLE STATEMENT | |
| Title | Mastering autodesk inventor 2014 and autodesk inventor lt 2014 |
| 260 ## - PUBLICATION, DISTRIBUTION, ETC. (IMPRINT) | |
| Place of publication | Indianapolis, Ind. : |
| Name of publisher | Sybex ; : |
| -- | Autodesk, |
| Year of publication | c2013. |
| 300 ## - PHYSICAL DESCRIPTION | |
| Number of Pages | 1 online resource (xxxii, 1000 p.) : |
| Other physical details | ill. (some col.) |
| 500 ## - GENERAL NOTE | |
| General note | Includes index. |
| 650 #0 - SUBJECT ADDED ENTRY--TOPICAL TERM | |
| Topical Term | Engineering graphics. |
| Topical Term | Engineering models |
| 856 40 - ELECTRONIC LOCATION AND ACCESS | |
| Uniform Resource Identifier | http://site.ebrary.com/lib/rucke/Doc?id=10719134 |
| 588 ## - | |
| -- | Description based on online resource; title from title page (ebrary, viewed June 21, 2013). |
No items available.
